| 000 | 01266nam a2200121Ia 4500 | ||
|---|---|---|---|
| 008 | 220615s9999||||xx |||||||||||||| ||und|| | ||
| 100 | _aReinisch, Jessica | ||
| 245 | 0 |
_aChapter 3 can we distinguish the sheep from the wolves? : AmigrÃs, Allies, and the Reconstruction of Germany _bThe Public Health Crisis in Occupied Germany |
|
| 546 | _aEnglish[eng] | ||
| 650 | _apost-war germany||public health||world war ii | ||
| 856 | _uhttps://library.oapen.org/bitstream/20.500.12657/29896/1/%e2%80%98Can%20we%20distinguish%20the%20sheep%20from%20the%20wolves_%e2%80%99_%20%c3%89migr%c3%a9s%2c%20Allies%2c%20and%20the%20Reconstruction%20of%20Germany%20-%20The%20Perils%20of%20Peace%20-%20NCBI%20Bookshelf.pdf||https://library.oapen.org/bitstream/20.500.12657/29896/1/%e2%80%98Can%20we%20distinguish%20the%20sheep%20from%20the%20wolves_%e2%80%99_%20%c3%89migr%c3%a9s%2c%20Allies%2c%20and%20the%20Reconstruction%20of%20Germany%20-%20The%20Perils%20of%20Peace%20-%20NCBI%20Bookshelf.pdf||https://library.oapen.org/bitstream/20.500.12657/29896/1/%e2%80%98Can%20we%20distinguish%20the%20sheep%20from%20the%20wolves_%e2%80%99_%20%c3%89migr%c3%a9s%2c%20Allies%2c%20and%20the%20Reconstruction%20of%20Germany%20-%20The%20Perils%20of%20Peace%20-%20NCBI%20Bookshelf.pdf | ||
| 942 | _cEB | ||
| 999 |
_c12837 _d12837 |
||